000 00309 a2200145 4500
001 173604
020 _a
040 _cMagnum
100 _aAlmeida, Gercilga de
240 1 0 _aKhepra os olhos do ceu
_lpor
245 1 0 _aKhepra os olhos do ceu
362 0 _a1899
697 _aIJ/PARADIDATICO
942 _cBK
999 _c173604
_d173604